Регионална библиотека "Любен Каравелов" - Русе

Приятел и жена (Запис номер 426188)

MARC детайли
000 -Лидер
Контролно поле с фиксирана дължина nam a22 a 4500
003 - Код на организацията, давaща контролен номер
Контролно поле BLK
005 - Дата и час на последна редакция
Контролно поле 20210730151317.0
008 - Елементи от данни с фиксирана дължина
fixed length control field 210730b bu |||||r|||| 00| | bu d
040 ## - Източник на каталожния запис
Идентификатор на билиотеката - собственик на записа BLK
041 ## - Код за език
Код за езика на текст/звукозапис или на отделно заглавие Български
Код за езика КДБФ Български
080 ## - УДК
Текстов определител УДК Френска литература
УДК код - определител по УДК 821.133.1
УДК определител -31
УДК - код + определител 821.133.1-31
100 ## - Редна дума - Автор
R(LIN) 323815
Автор Прево, Марсел
Авторска отговорност първи автор
139 ## - Редно поле
Редна дума Прево, Марсел
245 ## - Сведения за заглавието
Заглавие Приятел и жена
Подзаглавни данни Роман
Редно поле (дума) Марсел Прево ; Прев. от ориг. Кр. Трифонов
260 ## - Област на издателските данни
9 (RLIN) 215587
Място на издаване, разпространение и проч. София
Име на издателя, разпространителя и проч. Право
Година на издаване 1928
300 ## - Физическа характеристика
Страници 64 с.
Размери/Мащаб 21 см
380 ## - Жанр
Жанр Худож. лит.
490 ## - СЕРИИ (Колекции)
9 (RLIN) 461239
Име на серия Библиотека Перли из световната литература
№: серия 32
700 ## - Други автори (авторска отговорност)
9 (RLIN) 1107
Лично име Трифонов, Кр.
Автороска отговорност (Описва отношението между автора и произведението) прев. от ориг.
852 ## - Местоположение
Форматна сигнатура Цб 8.205.1921
Фондова буква Хранилище
999 ## - СИСТЕМНИ КОНТРОЛНИ НОМЕРА
Koha biblionumber 426188
Koha biblioitemnumber 426188
942 ## - АРТИКУЛИ
Вид на библиотечния материал Книги
Скрит в OPAC Не
Периодичен библиозапис Да
944 ## - СЪЗДАВАНЕ И РЕДАКЦИЯ на ЗАПИСА
Създаване/Редакция Създаване
Дата на регистрацията/редакция 2021-07-30
Служител, извършил регистрацията/редакцията ВЙ
Наличности
Код за отписване Код за изгубен артикул Източник на класификационната схема Код за повреда Коз за рестрикции Код за отдаване Артикулен № Име на библиотеката - собственик Име на библиотеката, в която се намира в момента Статус (Текущо местоположение) Дата на вписване в системата Местоположение - отдел Цена в лева Инвентарен номер Систематично азбучна сигнатура Баркод Цена в евро Служебен тип на артикула
  Не е изгубен Universal Decimal Classification Не е повреден само за читалня ползва се в читалня 845771 Регионална библиотека "Любен Каравелов" Русе Регионална библиотека "Любен Каравелов" Русе Хранилище 2021-08-02 Основен фонд - ползва се само за читалня 0.05 1921 Цб 8.205.1921 900000072001 0.03 Книги
Vip Innovations Ltd, Rousse, Bulgaria 2025